01261nam a2200265 a 450000100100000000500170001000800410002702000150006804000250008310000430010824501410015125000120029226000940030430000280039849000220042650000680044850400280051670000320054471000550057683000290063195201060066095201060076695201060087299900170097800004039320201002034114.0130823s2001 mx 000 0 spa d a9683690157 aDO-SdBNPbspacBNPHU1 aMuñoz de Alba Medrano, Marcia96669510aDerechos de las personas con síndrome de inmunodeficiencia adquirida. SIDA-VIH /cMarcia Muñoz de Alba Medrano, Fernando Cano Valle. a2a. ed. aMéxico :bUniversidad Nacional Autónoma de México :bCámara de Diputados;,c2001. a109 p. :bil. ;c22 cm.1 aNuestros derechos aIncluye datos biográficos de los autores en la contracubierta aBibliografía : p. 1091 aCano Valle, Fernando9666962 aUniversidad Nacional Autónoma de México942447 0aNuestros derechos966667 0010507-18MOaGRbGRcOId2013-08-23iLF1l0o p40393-10r2020-06-25w2020-06-25y1ZNo se presta 0010507-18MOaGRbGRcOId2013-08-23iLF1l0o p40393-20r2020-06-25w2020-06-25y1ZNo se presta 0010507-18MOaGRbGRcOId2013-08-23iLF1l0o p40393-30r2020-06-25w2020-06-25y1ZNo se presta c39883d39883